Blue sky living : (Record no. 12068)

000 -LEADER
fixed length control field 01187cam a22002897i 4500
003 - CONTROL NUMBER IDENTIFIER
control field OSt
005 - DATE AND TIME OF LATEST TRANSACTION
control field 20231223152412.0
008 - FIXED-LENGTH DATA ELEMENTS--GENERAL INFORMATION
fixed length control field 140113s2013 vraa b 000 0deng
020 ## - INTERNATIONAL STANDARD BOOK NUMBER
International Standard Book Number 9781864704815 (hbk)
043 ## - GEOGRAPHIC AREA CODE
Geographic area code n-cn-bc
082 04 - DEWEY DECIMAL CLASSIFICATION NUMBER
Classification number 728.022
Edition number 23
Item number BOD
110 2# - MAIN ENTRY--CORPORATE NAME
Corporate name or jurisdiction name as entry element Helliwell + Smith, Blue Sky Architecture,
Relator term architect.
245 10 - TITLE STATEMENT
Title Blue sky living :
Remainder of title the architecture of Helliwell + Smith /
Statement of responsibility, etc edited with an introduction by Trevor Boddy ; foreword by Ted Cullinan.
300 ## - PHYSICAL DESCRIPTION
Extent 148 pages :
Other physical details illustrations (chiefly color) ;
Dimensions 31 cm
504 ## - BIBLIOGRAPHY, ETC. NOTE
Bibliography, etc Includes bibliographical references (page 147).
600 10 - SUBJECT ADDED ENTRY--PERSONAL NAME
Personal name Helliwell, Bo,
Dates associated with a name 1944-
600 10 - SUBJECT ADDED ENTRY--PERSONAL NAME
Personal name Smith, Kim,
Dates associated with a name 1953-
610 20 - SUBJECT ADDED ENTRY--CORPORATE NAME
Corporate name or jurisdiction name as entry element Helliwell + Smith, Blue Sky Architecture.
650 #0 - SUBJECT ADDED ENTRY--TOPICAL TERM
Topical term or geographic name as entry element Architecture, Domestic
Geographic subdivision British Columbia.
650 #0 - SUBJECT ADDED ENTRY--TOPICAL TERM
Topical term or geographic name as entry element Architecture, Domestic
Geographic subdivision British Columbia
Form subdivision Designs and plans.
650 #0 - SUBJECT ADDED ENTRY--TOPICAL TERM
Topical term or geographic name as entry element Modern movement (Architecture)
Geographic subdivision British Columbia.
650 #0 - SUBJECT ADDED ENTRY--TOPICAL TERM
Topical term or geographic name as entry element Modern movement (Architecture)
Geographic subdivision British Columbia
Form subdivision Designs and plans.
700 1# - ADDED ENTRY--PERSONAL NAME
Personal name Boddy, Trevor,
Dates associated with a name 1953-,
Relator term author,
-- editor.
700 1# - ADDED ENTRY--PERSONAL NAME
Personal name Helliwell, Bo,
Dates associated with a name 1944-
Relator term architect.
700 1# - ADDED ENTRY--PERSONAL NAME
Personal name Smith, Kim,
Dates associated with a name 1953-
Relator term architect.
942 ## - ADDED ENTRY ELEMENTS (KOHA)
Source of classification or shelving scheme
Holdings
Withdrawn status Lost status Source of classification or shelving scheme Damaged status Koha normalized classification for sorting Not for loan Permanent location Current location Date acquired Source of acquisition Cost, normal purchase price Full call number Barcode Date last seen Cost, replacement price Price effective from Koha item type
        728_022000000000000_BOD   BMS College of Architecture, Design and Planning BMS College of Architecture, Design and Planning 2023-12-23 10 2992.50 728.022 BOD AR-UG3319 2023-12-23 4275.00 2023-12-23 UG Books
Copyright © 2025, The Librarian, Library and Information Centre, BMSCA D&P, Bengaluru. All Rights Reserved
web counter

Powered by Koha